000 00336nam a2200133Ia 4500
008 210430s9999 xx 000 0 und d
020 _a81-309-0834-4
082 _a620.11 G9821 N
100 _aA.I.Gusev
_954205
245 _aNanocrystalline Materials
_cA.I.Gusev
260 _aIndia
_bViva
_c2008
300 _a351p
942 _cBK
_2ddc
999 _c564690
_d564690